MDQL
is popping MORE tags! Check the
thread
!
Quizzes
Events
Quiz Creation
Community
Videos
Private Events
Remove Ads
Sign In
Join for FREE
Feedback
Dark Mode
Quiz Categories
Sports
Geography
Music
Movies
Television
Just For Fun
Miscellaneous
History
Literature
Language
Science
Gaming
Entertainment
Religion
Holiday
For Kids
Quiz Lab
Recent
Popular Today
Quiz Kudos Today
Editor Picks
Curator Picks
Quizzes by...
Day
Popularity
Type
Ratings
Length
Year
Community
Subscriptions
Recent Discussions
Orange Saloon
Badges
Playlists
Quests
Create
Leaderboards
Showdown
Live 5
Trivia Bingo
Activity
Puzzle Library
Sporcle Events
Private Events
Virtual Trivia
Globe League
Become a Host
Pub Owners
SporcleCon
Opinionation
Our Games
Videos
Blog
Mobile Apps
Partnerships
Remove Ads and Go Orange
Feedback
Sports
Athletes
MLB
NBA
NHL
NFL
Soccer
Sports Teams
WWE
NCAA
Football
Premier League
Basketball
Baseball
Hockey
Golf
Tennis
Cricket
Rugby
Auto Racing
Olympics
World Cup
Sports
Athletes
MLB
NBA
NHL
NFL
Soccer
Sports Teams
WWE
NCAA
Football
Premier League
Basketball
Baseball
Hockey
Golf
Tennis
Cricket
Rugby
Auto Racing
Olympics
World Cup
Random Quiz
Search Sporcle
×
Quiz Lab
Quiz Lab
Sports
NBA
Type in answers that appear in a list
Type in answers that appear in a list
Classic
Best Score? Go Orange.
Foreign NBA PPG by Birth Country Stats
Can you name the top 30 foreign players by PPG?
By
bgriffin00
10m
41 Questions
130 Plays
130 Plays
130 Plays
Comments
Comments
Give Quiz Kudos
Give Quiz Kudos
-
- Ratings
hide this ad
Replay
Link that replays current quiz
Next Quiz
Link to next quiz in quiz playlist
You Got
0%
They Got
Avg Score
50%
Avg Friend Score
Upgrade to see
Score Distribution
Jump to the score distribution portion of the page
Score
0/41
Timer
10:00
0
Plays Today
PPG
Player
% Correct
23.0
Dirk Nowitzki
96.2%
19.0
Yao Ming
93.8%
16.7
Tony Parker
93.8%
20.6
Tim Duncan
91.5%
15.3
Manu Ginobili
89.2%
18.8
Pau Gasol
86.9%
21.8
Hakeem Olajuwon
82.3%
12.1
Hedo Turkoglu
70.8%
12.1
Hedo Turkoglu
70.8%
16.0
Luol Deng
69.2%
21.0
Patrick Ewing
66.9%
12.6
Marc Gasol
65.4%
14.6
Steve Nash
64.6%
24.8
Dominique Wilkins
63.8%
15.4
Drazen Petrovic
62.3%
17.0
Peja Stojakovic
60%
12.3
Nene
59.2%
15.1
Andrea Bargnani
58.5%
13.9
Detlef Schrempf
56.2%
14.3
Luis Scola
49.2%
12.4
Andrei Kirilenko
49.2%
PPG
Player
% Correct
12.7
Leonardo Barbosa
47.7%
14.8
Rik Smits
46.9%
12.7
Andrew Bogut
46.9%
13.7
Mehmet Okur
45.4%
12.0
Arvynas Sabonis
45.4%
13.8
Danilo Gallinari
43.8%
13.0
Zydrunas Ilgauskas
41.5%
16.9
Ben Gordon
40.8%
12.8
Al Horford
40.8%
14.7
Rony Seikaly
33.1%
18.0
Rolando Blackman
29.2%
17.3
Carlos Boozer
23.1%
16.7
Kiki Vandeweghe
22.3%
16.7
Dino Radja
20%
13.7
Mychal Thompson
16.9%
14.1
Wally Szczerbiak
11.5%
12.2
Swen Nater
7.7%
12.7
Tom Meschery
5.4%
12.8
Sasha Danilovic
1.5%
12.8
Sarunas Marciuliunis
0%
Quiz Playlist
Details
Report
Send in Message
Add To Playlist
Classic:
Type in answers that appear in a list
Quiz Source
Last Updated: Feb 16, 2017
Quiz Scoreboard
CHALLENGE
Sign Up to Join the Scoreboard
Show All
Scores
Hide
Comments
May contain spoilers
Recently Published
Image Sorting: Flags VI
by Barbecue
Geography
2m
Find the 'City' Movie
by crazypaving
Movies
60s
Colored Red Africa Blitz
by spor1
Geography
45s
More to Explore
Quiz From the Vault
Featured Blog Post
14 Easter Pick-up Lines to Find Eggs With
hide this ad
You Might Also Like...
Tags
Basketball Quiz
Country Quiz
NBA Quiz
birth
foreign
Player
ppg
Today's Top Quizzes in Sports
Browse Sports
hide this ad
Today's Top Quizzes in NBA
Browse NBA
Top Contributed Quizzes in Sports
1
Les meilleurs buteurs des matchs entre le PSG et l’OM
2
Les entraîneurs de l'OM et du PSG au 21e siècle
3
Les joueurs passés par le PSG et l'OM
4
2022 World Cup Stars
5
Players with Multiple 50 Home Run Seasons
6
Criteria MLB: Left Handed Sluggers
7
Les joueurs passés par le LOSC et le RC Lens
8
NBA Logic Puzzle 2.0
9
MLB Players with Two .350 Batting Average Seasons
10
FIFA Club World Cup Champions
Explore More
Trending Topics
Kpop
Harry Potter
Anime
NBA
Disney
Crossword
Marvel
Country
WWE
The Office
Puzzle
Pokémon
Soccer
Song
NFL
hide this ad
More By:
bgriffin00
Quiz
Plays
Rating
Category
Featured
Created
WWE Champions Minefield
38,204
2.72
Sports
Jul 24, 2011
VH1 Top 100 Artists Minefield
20,527
3.53
Music
Aug 27, 2011
NBA Players >15 million
16,877
3.97
Sports
Jun 19, 2012
Active NBA Players who have been All-Stars (2022-2023)
13,512
4.63
Sports
Mar 28, 2013
WWE Most Wins by Year 2000-2023
9,634
4.63
Sports
Jul 27, 2019
Go to Creator's Profile
Score Distribution
Quiz Creator Spotlight
bgriffin00
Follow
Send a Message
Quizzes Created
-
Created Quiz Play Count
-
More By This Creator
Popular Quizzes Today
1
Colored Red Africa Blitz
2
Find the US States - No Outlines Minefield
3
Find the 'City' Movie
4
5x2 Blitz: Bands
5
The Countries of the World
6
Find the US States
7
Find the Countries of Europe - No Outlines Minefield
8
US States
More Sports Quizzes
8 to 1: Big 4 Cities
Published
Trending Quizzes
Colored Red Europe Blitz I
Colored Red Europe Blitz II
Colored Red Africa Blitz II
Colored Red Europe Blitz III
Colored Red Africa Blitz III
Recently Updated
How Do You Spell That?
pecheneg
Godzilla Movies
pecheneg
Grab Bag: 4-10 Letters
pecheneg
2024 March Madness Bracket
pecheneg
Famous TV Couples
Peacemaker
Champions League XIs: Real Madrid
pecheneg
Largest US Cities 1790-2010
pecheneg
Rides in Walt Disney World
pecheneg
Most Oscar Losses (Acting)
pecheneg
Beyoncé Albums
pecheneg
Trending Topics
Anime
Marvel
Kpop
Disney
NBA
Crossword
Harry Potter
Song
WWE
The Office
Puzzle
Pokémon
Soccer
Country
NFL
Your Account Isn't Verified!
In order to create a playlist on Sporcle, you need to verify the email address you used during registration. Go to your
Sporcle Settings
to finish the process.
Report this User
Report this user for behavior that violates our
Community Guidelines
.
Details:
Send Report
Go to the Sporcle.com Mobile Site →
Comments